000 01283nam a2200361 a 4500
001 43704
003 BD-RjUL
005 20211209053735.0
008 160625s1996 dcu b i000 0 eng
020 _a0821336169
035 _a(BD-RjUL)43822
035 _a(OCoLC)34410818
040 _aDLC
_cDLC
_dBD-RjUL
_beng
041 _aeng
082 0 0 _a333.9516
_223
_bSRB 1996
100 1 _aSrivastava, Jitendra
_d1940-
_9134300
245 1 0 _aBiodiversity and agriculture :
_bimplications for conservation and development /
_cJitendra Srivastava, Nigel J.H. Smith, and Douglas Forno.
260 _aWashington, D.C. :
_bWorld Bank,
_cc1996.
300 _ax, 26 p. ;
_c28 cm.
490 1 _aWorld Bank technical paper,
_vno. 321
504 _aIncludes bibliographical references.
650 0 _aAgricultural ecology.
_9124448
650 0 _aBiodiversity.
_9134301
650 0 _aAgricultural conservation.
_9134302
650 0 _aBiodiversity conservation.
_9134303
650 0 _aSustainable agriculture.
_9134304
650 0 _aSustainable development.
_9134305
700 1 _aSmith, Nigel J. H.,
_d1949-
_9134306
700 1 _aForno, Douglas,
_d1946-
_9134307
830 0 _aWorld Bank technical paper ;
_vno. 321.
_9134308
942 _2ddc
_cBK
999 _c43704
_d43704